Responses for Show #8630 - Friday, April 29, 2022

Mattea Roach game 19.

Contestants

[<< previous game]

Terri Huggins, an associate director of admissions from New York, New York

Julian Glander, an animator from Pittsburgh, Pennsylvania

Mattea Roach, a tutor from Toronto, Ontario, Canada (whose 18-day cash winnings total $438,183)

[next game >>]

Jeopardy! Round responses

STATES' MOST POPULOUS CITIES
SITCOMS
NEWSPAPERS & MAGAZINES
THE LANGUAGE OF SPORT
THE ATMOSPHERE
WAITS & MEASURES
    $200 22
Connecticut

Terri
    $200 13
Ted Lasso

Mattea
    $200 2
the world

Mattea
    $200 1
spike

Julian
    $200 12
the ozone

Mattea
    $200 7
gallons

Triple Stumper
    $400 23
Jackson

Julian
    $400 14
The Jeffersons

Julian
    $400 3
National Geographic

Julian
    $400 18
(Terri: What is UFO?)

a bogey

MatteaTerri
    $400 27
turbulence

Julian
    $400 8
paint

Mattea
    $600 24
(Mattea: What are Maine and Portland?)

Maine & Oregon

MatteaJulian
    $600 15
Jed Clampett

Terri
    $600 4
(Ken: Yes, "Mile High City".)

Denver

Julian
    $600 19
elbow

Julian
    $600 28
acid rain

Mattea
    $600 9
the TSA

Mattea
    $800 25
(Ken: Charleston, that's correct, with a minute to play.)

West Virginia & South Carolina

Mattea
    $800 16
the Minnow

Julian
    $800 5
Vogue

Terri
    $800 20
a friendly

Mattea
    $800 29
alto

Mattea
    $800 10
season tickets

Julian
    $1000 26
Sioux Falls

Julian
    $1000 17
Girls5eva

Triple Stumper
    $1000 6
the American-Statesman

Triple Stumper
    $1000 21
the cadence

Triple Stumper
    $1000 30
(Mattea: What is respiration?)

transpiration

Mattea
Triple Stumper
    $2,000 11
(Julian: [Sighs] What is... bullion?)

the troy ounce

Julian

Scores at the first commercial break (after clue 15):

Mattea Julian Terri
$1,600 $400 $1,400

Scores at the end of the Jeopardy! Round:

Mattea Julian Terri
$3,400 $4,200 $1,200

Double Jeopardy! Round responses

POLITICIANS IN THEIR SCHOOL DAYS
ENTERTAINMENT AWARDS
FUN WITH COOKING TERMS
THE 18th CENTURY
FELINES IN FICTION
MIDDLE P
(Ken: "P" is the exact middle letter in each response.)
    $400 7
Nancy Pelosi

Mattea
    $400 9
Ted Danson

Mattea
    $400 27
thicken

Julian
    $400 2
Betsy Ross

Mattea
    $400 18
the Cheshire Cat

Julian
    $400 17
inspire

Julian
    $800 8
Scarborough

Julian
    $800 13
Parasite

Mattea
    $800 28
poacher

Terri
    $800 3
a steam engine

Mattea
    $800 19
Beatrix Potter

Terri
    $800 21
alpha

Julian
    $1200 10
(Ken: Apparently, yes.)
[Laughter]

Dick Cheney

Mattea
    $1200 14
Moonstruck

Mattea
    $1200 1
blanch

Mattea
    $2,000 4
the Bourbons

Mattea
    $1200 20
Tigger

Mattea
    $1200 22
telephoto

Mattea
    $1600 11
Jesse Ventura

Triple Stumper
    $1600 15
The Bachelorette

Triple Stumper
    $1600 29
to butterfly

Mattea
    $1600 5
John Bull

Triple Stumper
    $1600 25
Old Possum's Book of Practical Cats

Mattea
    $1600 23
blasphemy

Mattea
    $2000 12
(Terri: Who is Liebling?)

(Joseph) Lieberman

JulianTerri
    $2000 16
Who's Afraid of Virginia Woolf?

Mattea
    $2000 30
(Ken: That is correct and I'm so happy to see you back on the plus side.)
[Applause]

croquette

Terri
    $2000 6
(Terri: What is Haiti?)

Jamaica

Terri
Triple Stumper
    $2000 26
Walks Through Walls

Julian
    $4,000 24
(Mattea: Um, I think I've been doing okay when I've had time to think, so maybe let's do, like, $4,000?)
...
(Mattea: What is anapest?)
...
(Mattea: Oh, of course.)
(Ken: With less than a minute to go.)

a couplet

Mattea

Scores at the end of the Double Jeopardy! Round:

Mattea Julian Terri
$17,000 $11,000 $800

[wagering suggestions for these scores]

Final Jeopardy! Round responses

MUSICAL INSPIRATIONS
(Ken: [To Mattea] Yes, the Mussorgsky piano suite inspired by his visit to an art show.)
TerriWhat is?
$799
JulianWhat is Swan Lake?
$6,001
MatteaWhat is Pictures at an Exhibition?
$5,001
Pictures at an Exhibition

Final scores:

Mattea Julian Terri
$22,001 $4,999 $1
19-day champion: $460,184 2nd place: $2,000 3rd place: $1,000

Game dynamics:

Coryat scores:

Mattea Julian Terri
$20,200 $13,000 $800
25 R
(including 1 DD),
3 W
(including 1 DD)
18 R,
1 W
(including 1 DD)
6 R,
3 W

Combined Coryat: $34,000

[game clues] [game scores] [suggest correction]

Game tape date: 2022-02-14
The J! Archive is created by fans, for fans. Scraping, republication, monetization, and malicious use prohibited; this site may use cookies and collect identifying information. See terms. The Jeopardy! game show and all elements thereof, including but not limited to copyright and trademark thereto, are the property of Jeopardy Productions, Inc. and are protected under law. This website is not affiliated with, sponsored by, or operated by Jeopardy Productions, Inc. Join the discussion at JBoard.tv.